| 000 | 01528nam a22002777a 4500 | ||
|---|---|---|---|
| 999 |
_c60606 _d60606 |
||
| 003 | Ge_BSU | ||
| 005 | 20230920150942.0 | ||
| 008 | 230920s2016 ge ||||| |||| 00| 0 geo d | ||
| 020 | _a9789941226991 | ||
| 041 | _ageo | ||
| 080 | _a519.22+338.22 მ-15 | ||
| 245 |
_aმათემატიკური სტატისტიკა ბიზნესსა და ეკონომიკაში / _cთ. შერვაშიძე, ზ. ქვათაძე, ა. კირთაძე, გ. ფანცულაია ; საქ. ტექნ. უნ-ტი. |
||
| 264 |
_aთბილისი : _bუნივერსალი, _c2016. |
||
| 300 |
_a248 გვ. : _bნახ., ცხრ. ; _c20 სმ. |
||
| 500 | _aსაგნობრივი საძიებელი: გვ. 244-246. | ||
| 504 | _aბიბლიოგრ. : გვ. 242-243. | ||
| 653 | _aმათემატიკური სტატისტიკა | ||
| 653 | _aალბათობის თეორია | ||
| 653 | _a ბიზნესის ეკონომიკა. | ||
| 700 |
_aშერვაშიძე, თ. _eავტორი _919849 |
||
| 700 |
_aქვათაძე, ზ. _eავტორი _919850 |
||
| 700 |
_aკირთაძე, ა. _eავტორი _919851 |
||
| 700 |
_aფანცულაია, გ. _eავტორი _919852 |
||
| 710 |
_aსაქართველოს ტექნიკური უნივერსიტეტი _919853 |
||
| 942 |
_2udc _cBK |
||